WARD PROCEDURES (Record no. 27341)

MARC details
000 -LEADER
fixed length control field 00334nam a22001577a 4500
003 - CONTROL NUMBER IDENTIFIER
control field SGT
020 ## - INTERNATIONAL STANDARD BOOK NUMBER
International Standard Book Number 9788131264492
082 ## - DEWEY DECIMAL CLASSIFICATION NUMBER
Classification number 616.07
Item number W23P
100 ## - MAIN ENTRY--PERSONAL NAME
Personal name PATEL, MANSUKH B.
245 ## - TITLE STATEMENT
Title WARD PROCEDURES
250 ## - EDITION STATEMENT
Edition statement 7TH
260 ## - PUBLICATION, DISTRIBUTION, ETC. (IMPRINT)
Place of publication, distribution, etc INDIA
Name of publisher, distributor, etc JAYPEE PUB
Year of Publication 2023
300 ## - PAGE DESCRIPTION
No. of Pages 419
650 ## - SUBJECT ADDED ENTRY--TOPICAL TERM
Topical term or geographic name as entry element HOSPITAL WARD
942 ## - ADDED ENTRY ELEMENTS (KOHA)
Source of classification or shelving scheme Dewey Decimal Classification
Koha item type Books
Holdings
Withdrawn status Lost status Source of classification or shelving scheme Damaged status Not for loan Collection code Home library Current library Shelving location Date acquired Vendor Name Cost, normal purchase price SGTU Bill Number Full call number Accession No. (Barcode) Date last seen Bill Date Koha item type Total Checkouts Date last borrowed
    Dewey Decimal Classification   Not For Loan NURSING SGT Medical Library SGT Medical Library Reference Book 29/08/2024 ABC DELHI 935.00 SGTU 19450 616.07 W23P FN5566 15/11/2024 29/08/2024 Books    
    Dewey Decimal Classification     NURSING SGT Medical Library SGT Medical Library Text Book 29/08/2024 ABC DELHI 935.00 SGTU 19450 616.07 W23P FN5567 22/05/2026 29/08/2024 Books 3 23/04/2026
    Dewey Decimal Classification     NURSING SGT Medical Library SGT Medical Library Text Book 29/08/2024 ABC DELHI 935.00 SGTU 19450 616.07 W23P FN5568 15/11/2024 29/08/2024 Books    
    Dewey Decimal Classification     NURSING SGT Medical Library SGT Medical Library Text Book 29/08/2024 ABC DELHI 935.00 SGTU 19450 616.07 W23P FN5569 15/11/2024 29/08/2024 Books    
    Dewey Decimal Classification     NURSING SGT Medical Library SGT Medical Library Text Book 29/08/2024 ABC DELHI 935.00 SGTU 19450 616.07 W23P FN5570 15/11/2024 29/08/2024 Books